The of Appeal Criminal Appeal No. 60 of 1997 Ssejemba Godfrey Vs Uganda (Record no. 3086)
[ view plain ]
| 000 -LEADER | |
|---|---|
| fixed length control field | 00641nam a22001217a 4500 |
| 008 - FIXED-LENGTH DATA ELEMENTS--GENERAL INFORMATION | |
| fixed length control field | 110616t xxu||||| |||| 00| 0 eng d |
| 010 ## - LIBRARY OF CONGRESS CONTROL NUMBER | |
| LC control number | CACAF41 |
| 245 ## - TITLE STATEMENT | |
| Title | The of Appeal Criminal Appeal No. 60 of 1997 Ssejemba Godfrey Vs Uganda |
| 260 ## - PUBLICATION, DISTRIBUTION, ETC. (IMPRINT) | |
| Date of publication, distribution, etc | 1997 |
| 500 ## - GENERAL NOTE | |
| General note | Coram: Hon. Mr. Justice C.M. Kato, J A.<br/> Hon. Mr. Justice S.G. Engwau, J A.<br/> Hon. Lady Justice C.N.B. Kitumba, JA. |
| 500 ## - GENERAL NOTE | |
| General note | Appeal from the decision of the High Court at Jinja (J. Sebutinde Ag. J) dated 5/12/1997 in Criminal Session Case No. 280 of 1995. |
| Withdrawn status | Lost status | Source of classification or shelving scheme | Damaged status | Koha normalized classification for sorting | Not for loan | Location (home branch) | Sublocation or collection (holding branch) | Shelving location | Date acquired | Koha issues (times borrowed) | Koha full call number | Piece designation (barcode) | Koha date last seen | Price effective from | Koha item type |
|---|---|---|---|---|---|---|---|---|---|---|---|---|---|---|---|
| Dewey Decimal Classification | CACAF_41 | Law Development Centre Main Library | Law Development Centre Main Library | Law Reports | 06/16/2011 | CACAF41 | 60/1997/1 | 06/16/2011 | 06/16/2011 | Un Reported Cases |
